Normal view
MARC view
Entry Personal Name
001 - CONTROL NUMBER
- control field: 72869
003 - CONTROL NUMBER IDENTIFIER
- control field: dpl
005 - DATE AND TIME OF LATEST TRANSACTION
- control field: 20241016121252.0
008 - FIXED-LENGTH DATA ELEMENTS
- fixed length control field: 241016|| aca||aabn | a|a d
040 ## - CATALOGING SOURCE
- Original cataloging agency: dpl
- Transcribing agency: dpl
100 ## - HEADING--PERSONAL NAME
- Personal name: जाषुवा, गुर्रम
670 ## - SOURCE DATA FOUND
- Source citation: Work cat.: (dpl)206440: जाषुवा, गुर्रम , नई दुनिया ;, 2020
